000 00559nam a2200205Ia 4500
003 IIN
005 20240124163022.0
008 231217s9999 xx 000 0 und d
020 _cRs.595.00
_a9788184483338
040 _aIIN
_bEnglish
082 _a616.075
_bDIL
100 1 _aDillon, Patricia M.
245 1 _aNursing Health Assessment:
_bClinical Pocket Guide
_cPatricia M. Dillon
250 _a2nd ed
260 _bJaypee
_aNew Delhi
_c2008
300 _axii, 587 p.
650 1 _aFoundation
_vNursing
650 1 _aHealth Assessment:
942 _cBOOK
999 _c607
_d607